Statistiques concernant Sagas de livres d'après un personnage

Cliquez ici pour prendre le quiz!

Statistiques générales

  • Ce quiz a été pris 436 fois
  • Le résultat moyen est 5 sur 16

Statistiques - réponses

PersonnageSaga% Correct
DobbyHarry Potter
98%
Peeta MellarkHunger Games
80%
Carlisle CullenTwilight
66%
TrisDivergente
63%
Daenerys TargaryenLe Trône de Fer
49%
TeresaLe Labyrinthe
43%
Annabeth ChasePercy Jackson
42%
Izuku MidoriyaMy Hero Academia
30%
Etoile BleueLa Guerre des Clans
13%
Jayce WaylandThe Mortal Instruments
12%
WellanLes Chevaliers d'Emeraude
8%
Kyle BluemanCHERUB
7%
Toka KirishimaTokyo Ghoul
7%
SaphiraL'Héritage
6%
Connor ReevesBodyguard
2%
Raphaëlle ChêneStrom
1%

Distribution des résultats

Percentile par nombre de réponses

% des personnes avec chaque résultat

Votre développement - résultats

Vous n’avez pas pris ce quiz